Premier League 20 Season Awards Quiz Stats

 Plays Quiz not verified by Sporcle

Also try: Winningest Winners
Challenge
Share
Tweet
Embed
Score 0/103 Timer 20:00
0 Plays Today
Category Answer % Correct
Best ManagerAlex Ferguson
98.5%
Most Memorable QuoteAlex Ferguson
98.5%
Best ManagerJose Mourinho
97.5%
Most Memorable QuoteJose Mourinho
97.5%
Best TeamArsenal 2003-04
97.3%
Best TeamManchester United 1998-99
97.3%
Best TeamManchester United 2007-08
97.3%
Best CelebrationAlex Ferguson and Brian Kidd
96.8%
Best TeamChelsea 2004-05
96%
Best ManagerArsene Wenger
95.5%
Best PlayerRyan Giggs
94.8%
Best XI Public ChoiceRyan Giggs
94.8%
Best XI Panel ChoiceRyan Giggs
94.8%
Most AppearancesRyan Giggs
94.8%
Premier League 500 ClubRyan Giggs
94.8%
Best PlayerAlan Shearer
94.5%
Best GoalAlan Shearer
94.5%
Best CelebrationAlan Shearer
94.5%
Best XI Public ChoiceAlan Shearer
94.5%
Best XI Panel ChoiceAlan Shearer
94.5%
Top ScorerAlan Shearer
94.5%
Best PlayerThierry Henry
94%
Best GoalThierry Henry
94%
Best XI Public ChoiceThierry Henry
94%
Best XI Panel ChoiceThierry Henry
94%
Best SavePeter Schmeichel
92.5%
Best SavePeter Schmeichel
92.5%
Best XI Public ChoicePeter Schmeichel
92.5%
Best XI Panel ChoicePeter Schmeichel
92.5%
Best PlayerPaul Scholes
91.3%
Best XI Public ChoicePaul Scholes
91.3%
Best XI Panel ChoicePaul Scholes
91.3%
Best XI Public ChoiceAshley Cole
90%
Best XI Panel ChoiceAshley Cole
90%
Best TeamBlackburn 1994-95
89.6%
Category Answer % Correct
Premier League 500 ClubFrank Lampard
89.6%
Best CelebrationSteven Gerrard
88.3%
Best XI Public ChoiceSteven Gerrard
88.3%
Best GoalWayne Rooney
86.6%
Best GoalDavid Beckham
85.1%
Best PlayerEric Cantona
84.6%
Most Memorable QuoteEric Cantona
84.6%
Best GoalEric Cantona
84.6%
Best CelebrationEric Cantona
84.6%
Best XI Public ChoiceGary Neville
84.6%
Best XI Panel ChoiceGary Neville
84.6%
Best XI Panel ChoiceRio Ferdinand
83.8%
Best PlayerCristiano Ronaldo
83.3%
Best XI Public ChoiceCristiano Ronaldo
83.3%
Best XI Panel ChoiceCristiano Ronaldo
83.3%
Most Clean SheetsDavid James
79.6%
Premier League 500 ClubDavid James
79.6%
Best PlayerRoy Keane
78.9%
Best XI Panel ChoiceRoy Keane
78.9%
Best XI Public ChoiceTony Adams
75.4%
Best XI Panel ChoiceTony Adams
75.4%
Most Memorable QuoteKevin Keegan
74.4%
Best PlayerDennis Bergkamp
71.4%
Best GoalDennis Bergkamp
71.4%
Best Season1994-95
69.7%
Best Season1997-98
69.2%
Best Season2004-05
69.2%
Best XI Public ChoiceNemanja Vidic
69.2%
Best Season1998-99
68.9%
Best Season2007-08
68.9%
Best Season1995-96
68.4%
Best Season2011-2012
65.9%
Most Memorable QuoteAlan Hansen
62.7%
Best PlayerPatrick Vieira
60.7%
Premier League 500 ClubGary Speed
57.2%
Category Answer % Correct
Premier League 500 ClubSol Campbell
56.2%
Best ManagerDavid Moyes
53%
Best ManagerHarry Redknapp
48.8%
Best SaveBrad Friedel
48.8%
Best SaveJoe Hart
43.5%
Best MatchLiverpool vs Newcastle
39.8%
Best SaveShay Given
38.3%
Best PlayerGianfranco Zola
38.1%
Best SaveJussi Jaaskelainen
37.8%
Best GoalMatt Le TIssier
37.1%
Best GoalMatt Le TIssier
37.1%
Best GoalPaolo Di Canio
34.8%
Best GoalTony Yeboah
32.3%
Best CelebrationIan Wright and Neil Ruddock
28.1%
Best MatchArsenal vs Tottenham
25.4%
Premier League 500 ClubEmile Heskey
25.1%
Best SaveCarlo Cudicini
21.1%
Best CelebrationJurgen Klinsmann
20.1%
Best MatchManchester United vs Manchester City
19.9%
Best MatchManchester United vs Manchester CIty
19.9%
Best MatchLiverpool vs Arsenal
19.7%
Best SaveCraig Gordon
17.9%
Best MatchPortsmouth vs Reading
16.7%
Best MatchManchester United vs Arsenal
14.9%
Best CelebrationLomana Lua Lua
13.9%
Best MatchNewcastle vs Arsenal
13.2%
Best CelebrationJimmy Bullard
13.2%
Best SaveTomasz Kuszczak
9.2%
Best SaveTomasz Kuszczak
9.2%
Best CelebrationLee Sharpe
8.7%
Best MatchNewcastle vs Manchester United
6.2%
Best MatchTottenham vs Manchester United
5.2%
Best CelebrationTemuri Ketsbaia
5.2%

You're not logged in!

Compare scores with friends on all Sporcle quizzes.
OR
Log In

You Might Also Like...

Show Comments

Extras

Top Quizzes Today


Score Distribution

Your Account Isn't Verified!

In order to create a playlist on Sporcle, you need to verify the email address you used during registration. Go to your Sporcle Settings to finish the process.

Report this User

Report this user for behavior that violates our Community Guidelines.

Details: